000
00230nam a22000977a 4500
999
_c
16251
_d
16251
003
OSt
008
200626b ||||| |||| 00| 0 eng d
100
_a
മാരാർ
_9
4649
245
_a
കുമാരസംഭവം
942
_c
BK